01223nab a22001937a 4500999001500000003000400015005001700019008004100036040000700077100003000084245012100114260007200235300001300307505045400320505008900774650002300863773013000886942001301016 c6092d6092OSt20260121211024.0190502c xxu||||| |||| 00| 0 spa d cPJ 96864aErickson, Danielle 10aLeyes de responsabilidad filial : bcodificación de un deber especial de cuidado recíproco /cDanielle Erickson. aCiudad Autónoma de Buenos Aires :bThomson Reuters La Ley,c2024. ap. 57-68 aSumario: I. Introducción.— II. Personas sobre quienes recae este deber.— III. Instancias en que surge la responsabilidad de cuidado de padres mayores.— IV. Formas en las que se hace cumplir este deber.— V. Posibilidad real de hacer cumplir este deber filial.— VI. Sobre la pregunta de si deberían ser aplicables las leyes de responsabilidad filial una vez que el padre alcance la edad de sesenta y cinco años.— VII. Conclusión.  t¿Te interesa el texto completo? Solicitalo al correo: koha@justierradelfuego.gov.ar 09343aDERECHO PENAL0 0272993180dBuenos Aires : LexisNexis, 2006-tRevista de derecho penal y procesal penal. Nº 9 - Septiembre 2024z9875920622 2udccANA